Daně v účetnictví, 2. vydání

Saved in:
Bibliographic Details
Main Author Jana, Skálová
Format Electronic eBook
LanguageCzech
Published Wolters Kluwer 2022
Edition1. elektronické vydání
Subjects
Online AccessDostupné v BOOKPORT po přihlášení pomocí eduID
ISBN978-80-7676-345-6
978-80-7676-344-9
Physical Description1 online zdroj (220 stran)

Cover

LEADER 00000nam a2200000 i 4500
001 bkp802188736
003 CZ-prgp
005 20221111113034.0
006 m o d
007 cr cn
008 221111s2022 xr o 000 0 cze
020 |a 978-80-7676-345-6  |c 365 Kč  |q (online ; epub) 
020 |a 978-80-7676-344-9  |c 429 Kč  |q (print) 
040 |a Grada  |b cze  |e rda 
100 1 |a Jana, Skálová 
245 1 0 |a Daně v účetnictví, 2. vydání  |c Skálová Jana 
250 |a 1. elektronické vydání 
264 1 |b Wolters Kluwer  |c 2022 
300 |a 1 online zdroj (220 stran) 
336 |a text  |b txt  |2 rdacontent 
337 |a počítač  |b c  |2 rdamedia 
338 |a online zdroj  |b cr  |2 rdacarrier 
520 3 |a Publikace Daně v účetnictví se věnuje vlivu zákona o daních z příjmů na účetnictví podnikatelských subjektů. Obsahuje nezbytný teoretický podklad i navazující praktické příklady. Úvod knihy je věnován konstrukci základu daně z příjmů právnických osob, tedy úpravě výsledku hospodaření z účetnictví na daňový základ. Následuje rozbor transakcí s některými aktivy či pasivy. Najdeme zde tedy kapitoly jako účetní a daňové dopady dlouhodobého hmotného nebo nehmotného majetku, daňové souvislosti nemovitostí, rezerv a opravných položek, vliv daně z příjmů na transakce s cennými papíry, daně při výplatě vlastního kapitálu. Podrobně je rozebrána odložená daň, tedy důvody jejího vzniku, příklady účtování o odložené daňové pohledávce či závazku. Mezi nejzajímavější patří kapitoly o vlivu cizích měn v účetnictví, o daňových souvislostech prodeje a vkladu obchodního závodu či daňové posuzování fúzí nebo rozdělení. Publikace je určena široké účetní veřejnosti, tedy účetním, daňovým poradcům, auditorům nebo pracovníkům Finanční správy. Dobře poslouží zájemcům o zkoušky na daňové poradce i studentům ekonomických oborů vysokých škol, kteří do vztahu účetnictví a daní potřebují proniknout. 
650 0 4 |a Daně 
856 4 0 |u https://www.bookport.cz/AccountSaml/SignIn/?idp=https://shibboleth.utb.cz/idp/shibboleth&returnUrl=/kniha/dane-v-ucetnictvi-2-vydani-11142/  |y Dostupné v BOOKPORT po přihlášení pomocí eduID